000 00479cam a2200193 4500
001 D2131
008 090401t1974 xxu||||| |||| 00| 0 eng d
035 _a(Sirsi) u67559
041 _aeng
050 _a711.4
110 _aC.A.L.U.S.
_91849
245 _aUrban renewal
260 _aReading
_bCollege of Estate Management
_c1974
300 _a116p
350 _a1.8
490 _aProperty Studies in the United Kingdom and Overseas
_v3
942 _n0
948 _c04/03/1997
999 _c95029
_d95029